|
|
|
|
| LEADER |
00000nam0a2200000 4500 |
| 001 |
363569 |
| 005 |
20231102011613.0 |
| 035 |
|
|
|a (RuTPU)RU\TPU\retro\20916
|
| 090 |
|
|
|a 363569
|
| 100 |
|
|
|a 20211005d1980 km y0rusy50 ca
|
| 101 |
0 |
|
|a rus
|
| 102 |
|
|
|a RU
|
| 105 |
|
|
|a a z 000zy
|
| 200 |
1 |
|
|a Три года в Пекине
|e записки военного советника
|f Г. Г. Семенов
|g Академия наук СССР, Институт Дальнего Востока
|
| 205 |
|
|
|a 2-е изд., доп.
|
| 210 |
|
|
|a Москва
|c Наука
|d 1980
|
| 215 |
|
|
|a 424 с.
|c ил.
|
| 606 |
1 |
|
|a Вооруженные силы
|x Социалистических стран
|2 stltpush
|3 (RuTPU)RU\TPU\subj\3692
|9 32070
|
| 610 |
1 |
|
|a военное дело
|
| 610 |
1 |
|
|a военное искусство
|
| 610 |
1 |
|
|a военная история
|
| 610 |
1 |
|
|a воспоминания
|
| 610 |
1 |
|
|a вооруженные силы
|
| 610 |
1 |
|
|a КНР
|
| 610 |
1 |
|
|a Китай
|
| 610 |
1 |
|
|a интернациональное сотрудничество
|
| 610 |
1 |
|
|a СССР
|
| 610 |
1 |
|
|a 20 век
|
| 686 |
|
|
|a Ц4,6
|v LBC/SL-A
|2 rubbk
|
| 700 |
|
1 |
|a Семенов
|b Г. Г.
|g Георгий Гаврилович
|
| 712 |
0 |
2 |
|a Академия наук СССР
|b Институт Дальнего Востока
|c (Москва)
|2 stltpush
|3 (RuTPU)RU\TPU\col\11572
|9 25194
|
| 801 |
|
1 |
|a RU
|b 63413507
|c 20211005
|
| 942 |
|
|
|c BK
|